Statystyki dla Odpowiedź na M - śmiesznie

Kliknij tutaj aby rozwiązać quiz!

Ogólne statystyki

  • Ten quiz został rozwiązany 625 razy
  • Średni wynik to 10 z 16

Statystyki odpowiedzi

PodpowiedźOdpowiedź% Poprawnych
Afrykańska wyspa z której pochodzą m. in. Król Julian i pingwinyMadagaskar
96%
Ojciec ... - znany sandomierski ksiądz-detektywMateusz
96%
Kabaret Ani ... - w nim dwóch Wójcików, ale nie braciMru Mru
89%
Cyber ... z YouTube, lub partner Barbary z radiowych reklam MediaExpertMarian
84%
Bez ucha to MMucha
84%
Państwo w afryce, którego nazwa jest antonimem do "wielcy"Mali
80%
Włatcy ... - kreskóka dla dorosłych o Czesiu, Anusiaku, Maślanie i KonieczkuMóch
80%
Państwo w Afryce, którego stolicą jest "promocja"Maroko
55%
Miasto podkarpackie, które ma piłkarzy "ze stali"Mielec
53%
Przebiera się, gdy ktoś przesadzaMiarka
52%
Mniej Więcej Kolega Kolegi IgnacegoMandzio
50%
Miasto blisko stolicy Polski z inną stolicą w nazwieMińsk Mazowiecki
48%
Wokalistka, wg tekstu jednej z piosenek, "woli swoją mamę..."Majka Jeżowska
43%
Prezenterka telewizyjna, pomagała rolinikom szukać żonyMarta Manowska
24%
Czerwony jest koloru czerwonego (w znanym kawale)Maluch
15%
Potocznie o tautologii/pleonazmieMasło Maślane
11%

Rozkład punktacji

Percentyl według liczby udzielonych odpowiedzi

Procent ludzi z każdym wynikiem

Twoja historia wyników

Nie rozwiązałeś tego quizu